UBT Library

Kultura Politike (studim rasti: Republika e Maqedonise se Veriut) (Record no. 55144)

000 -LEADER
fixed length control field 00364nam a22001457a 4500
008 - FIXED-LENGTH DATA ELEMENTS--GENERAL INFORMATION
fixed length control field 210224b ||||| |||| 00| 0 eng d9786086646004
020 ## - INTERNATIONAL STANDARD BOOK NUMBER
International Standard Book Number 9786086646004
041 ## - LANGUAGE CODE
Language code of text/sound track or separate title alb
080 ## - UNIVERSAL DECIMAL CLASSIFICATION NUMBER
Universal Decimal Classification number 32
082 ## - DEWEY DECIMAL CLASSIFICATION NUMBER
Classification number 32
100 ## - Rafti
Rafti 19
101 ## - Shkurtesa
Shkurtesa SHP
245 ## - TITLE STATEMENT
Title Kultura Politike (studim rasti: Republika e Maqedonise se Veriut)
Statement of responsibility, etc Cupi, Xh
942 ## - ADDED ENTRY ELEMENTS (KOHA)
Source of classification or shelving scheme
Item type Books
Holdings
Withdrawn status Lost status Source of classification or shelving scheme Damaged status Not for loan Collection code Permanent location Current location Date acquired Total Checkouts Full call number Barcode Date last seen Price effective from Koha item type
          Koleksioni i përgjithshem UBT - Lipjan UBT - Lipjan 02/24/2021   32 CUP 002-6000642 02/24/2021 02/24/2021 Books
          Koleksioni i përgjithshem UBT - Lipjan UBT - Lipjan 02/24/2021   32 CUP 002-6000643 02/24/2021 02/24/2021 Books
          Koleksioni i përgjithshem UBT - Lipjan UBT - Lipjan 02/24/2021   32 CUP 002-6000644 02/24/2021 02/24/2021 Books
          Koleksioni i përgjithshem UBT - Lipjan UBT - Lipjan 02/24/2021   32 CUP 002-6000645 02/24/2021 02/24/2021 Books
          Koleksioni i përgjithshem UBT - Lipjan UBT - Lipjan 02/24/2021   32 CUP 002-6000646 02/24/2021 02/24/2021 Books
          Koleksioni i përgjithshem UBT - Lipjan UBT - Lipjan 02/24/2021   32 CUP 002-6000647 02/24/2021 02/24/2021 Books
          Koleksioni i përgjithshem UBT - Lipjan UBT - Lipjan 02/24/2021   32 CUP 002-6000648 02/24/2021 02/24/2021 Books
UBT Library © 2015-2024. All rights reserved University Education for Business and Technology